[Event "Pocos de Caldas op"]
[Site "Pocos de Caldas"]
[Date "2019.02.09"]
[Round "4"]
[White "Aoyama, Edmundo"]
[Black "De Moraes, Pedro Henrique M"]
[Result "1/2-1/2"]
[WhiteElo "1865"]
[BlackElo "2088"]
[PlyCount "26"]
[EventDate "2019.02.08"]
[EventType "swiss"]
[EventRounds "6"]
[EventCountry "BRA"]
[SourceTitle "CBM 188 Extra"]
[Source "ChessBase"]
[SourceDate "2019.02.26"]
[SourceVersion "1"]
[SourceVersionDate "2019.02.26"]
[SourceQuality "1"]

1. Nf3 d5 2. b3 Bg4 3. Bb2 Nf6 4. e3 e6 5. d4 Bd6 6. Nbd2 Nbd7 7. Bd3 Qe7 8. Qe2 Ne4 9. 0-0 0-0 10. c4 c6 11. Rac1 Qf6 12. Rfd1 Qh6 13. Nf1 Bc7 1/2-1/2

[Event "Sao Paulo Freitas Memorial"]
[Site "Sao Paulo"]
[Date "2015.10.12"]
[Round "5"]
[White "De Moraes, Pedro Henrique M"]
[Black "Bruce, Shannon Hill"]
[Result "1-0"]
[WhiteElo "2051"]
[BlackElo "2162"]
[PlyCount "95"]
[EventDate "2015.10.10"]
[EventType "swiss"]
[EventRounds "6"]
[EventCountry "BRA"]
[SourceTitle "CBM 168 Extra"]
[Source "ChessBase"]
[SourceDate "2015.10.29"]
[SourceVersion "1"]
[SourceVersionDate "2015.10.29"]
[SourceQuality "1"]

1. d4 d6 2. Bf4 g6 3. e3 Nf6 4. Bc4 Bg7 5. h3 0-0 6. Nf3 c5 7. c3 Nbd7 8. Nbd2 a6 9. a4 Nb6 10. dxc5 dxc5 11. a5 Nxc4 12. Nxc4 Be6 13. Nb6 Qxd1+ 14. Rxd1 Rad8 15. Rxd8 Rxd8 16. Bc7 Re8 17. Ke2 Nd5 18. Nxd5 Bxd5 19. Rd1 e6 20. g3 Rc8 21. Bb6 f5 22. Nd2 e5 23. f3 e4 24. f4 Be6 25. Rb1 Ba2 26. Rc1 Bf7 27. b3 Kf8 28. Rc2 Ke7 29. c4 Kd6 30. Nb1 Kc6 31. Nc3 Bf6 32. Na4 Be7 33. Rd2 Rg8 34. h4 h6 35. Nc3 g5 36. hxg5 hxg5 37. Nd5 Bd6 38. Kf2 Rh8 39. Kg1 Rh7 40. Bd8 gxf4 41. gxf4 Rg7+ 42. Bg5 Be8 43. Rh2 Bf7 44. Nb6 Be6 45. Rh6 Bf7 46. Nc8 Rg6 47. Rh7 Bg8 48. Na7# 1-0

[Event "Cuiaba op"]
[Site "Cuiaba"]
[Date "2013.05.30"]
[Round "7"]
[White "De Moraes, Pedro Henrique M"]
[Black "Gomes, Jordan Rodrigues"]
[Result "1-0"]
[WhiteElo "1901"]
[BlackElo "1938"]
[PlyCount "37"]
[EventDate "2013.05.27"]
[EventType "swiss"]
[EventRounds "7"]
[EventCountry "BRA"]
[SourceTitle "CBM 154 Extra"]
[Source "ChessBase"]
[SourceDate "2013.06.25"]
[SourceVersion "2"]
[SourceVersionDate "2013.06.25"]
[SourceQuality "1"]

1. d4 e6 2. Nf3 Nf6 3. Bg5 c5 4. Bxf6 Qxf6 5. e3 Nc6 6. c3 cxd4 7. exd4 Be7 8. Bd3 a6 9. a4 d6 10. Nbd2 g5 11. Nc4 Bd7 12. Qe2 Qg7 13. d5 Ne5 14. Ncxe5 dxe5 15. Nxe5 Bc8 16. Nc4 0-0 17. d6 Bf6 18. Nb6 Bxc3+ 19. Kf1 1-0

[Event "Cuiaba op"]
[Site "Cuiaba"]
[Date "2013.05.27"]
[Round "1"]
[White "Caetano, Hugo Zanotti Mendon"]
[Black "De Moraes, Pedro Henrique M"]
[Result "1/2-1/2"]
[WhiteElo "2150"]
[BlackElo "1901"]
[PlyCount "64"]
[EventDate "2013.05.27"]
[EventType "swiss"]
[EventRounds "7"]
[EventCountry "BRA"]
[SourceTitle "CBM 154 Extra"]
[Source "ChessBase"]
[SourceDate "2013.06.25"]
[SourceVersion "2"]
[SourceVersionDate "2013.06.25"]
[SourceQuality "1"]

1. d4 d5 2. c4 Bf5 3. Nc3 e6 4. Nf3 c6 5. cxd5 exd5 6. a3 a5 7. Bf4 Nf6 8. e3 Be7 9. Bd3 Bxd3 10. Qxd3 0-0 11. 0-0 Nbd7 12. h3 Re8 13. Rac1 Ne4 14. Nxe4 dxe4 15. Qxe4 Bxa3 16. Qf5 Bb4 17. Rfd1 g6 18. Qd3 Nf6 19. Bg5 Be7 20. Bh6 Nd5 21. Qc4 Bf8 22. Bxf8 Rxf8 23. e4 Nb4 24. Nd2 b5 25. Qe2 Qxd4 26. Nc4 Qa7 27. Ne5 Qc7 28. Qxb5 Rab8 29. Qc5 Rfd8 30. Ng4 Nd3 31. Qxc6 Qxc6 32. Rxc6 Nxb2 1/2-1/2